Central Library OPAC University of Rajshahi

Sacrilege versus civility : (Record no. 56804)

MARC details
000 -LEADER
fixed length control field 00956nam a2200277 a 4500
001 - CONTROL NUMBER
control field 56804
003 - CONTROL NUMBER IDENTIFIER
rucl marc code BD-RjUL
005 - DATE AND TIME OF LATEST TRANSACTION
control field 20211209080432.0
008 - FIXED-LENGTH DATA ELEMENTS--GENERAL INFORMATION
fixed length control field 161204s1991 enk b 001 0 eng
020 ## - INTERNATIONAL STANDARD BOOK NUMBER
International Standard Book Number 0860372103 (pbk.) :
Terms of availability £14.50
International Standard Book Number 0860372111 (hardback)
035 ## - SYSTEM CONTROL NUMBER
System control number (BD-RjUL)56928
040 ## - CATALOGING SOURCE
Original cataloging agency DLC
Transcribing agency DLC
Modifying agency BD-RjUL
Language of cataloging eng
041 ## - LANGUAGE CODE
Language code of text/sound track or separate title eng
082 00 - DEWEY DECIMAL CLASSIFICATION NUMBER
Classification number 297.216
Edition number 23
Author mark and year SAC 1991
245 10 - TITLE STATEMENT
Title Sacrilege versus civility :
Remainder of title Muslim perspectives on the Satanic verses affair /
Statement of responsibility, etc. edited by M.M. Ahsan and A.R. Kidwai.
260 ## - PUBLICATION, DISTRIBUTION, ETC. (IMPRINT)
Place of publication, distribution, etc. Markfield, Leicester, U.K. :
Name of publisher, distributor, etc. Islamic Foundation,
Date of publication, distribution, etc. c1991.
300 ## - PHYSICAL DESCRIPTION
Pagination 383 p. ;
Size 21 cm.
504 ## - BIBLIOGRAPHY, ETC. NOTE
Bibliography, etc Includes bibliographical references (p. 343-375) and index.
600 10 - SUBJECT ADDED ENTRY--PERSONAL NAME
Personal name Rushdie, Salman.
Title of a work Satanic verses.
650 #0 - SUBJECT ADDED ENTRY--TOPICAL TERM
Topical term or geographic name as entry element Islam and literature.
9 (RLIN) 168915
700 1# - ADDED ENTRY--PERSONAL NAME
Personal name Ahsan, M. M.
Personal name Kidwai, Abdur Raheem.
942 ## - ADDED ENTRY ELEMENTS (KOHA)
Source of classification or shelving scheme Dewey Decimal Classification
Koha item type Books
Holdings
Lost status Source of classification or shelving scheme Damaged status Not for loan Collection code Permanent Location Current Location Shelving location Date acquired Source of acquisition Total Checkouts Full call number Date last seen Copy number Koha item type
  Dewey Decimal Classification   Not For Loan Fiction Central Library, University of Rajshahi Central Library, University of Rajshahi Reading Room 08/12/2011 UK. ins. foundation   297.216 SAC 1991 04/12/2016 C-1 Books